000 01075nam a2200217Ia 4500
003 OSt
005 20241011155808.0
007 ca aa aaaaa
008 201103s9999 xx 000 0 und d
040 _cSSBUL
041 _abur
082 _223
_a၂၉၄.၃၄၃၅၀၉ ပဏ်
_b၉၁၁၃ S-SAT
100 0 _aပဏ္ဍိတ၊ အသျှင်၊ လယ်တီ-
_917268
245 1 0 _aကျွတ်မုတ္တောစေတီခေါ် အကျွတ်အလွတ်ဘုရားသမိုင်းနှင့် နန်းဦးရွှေဘုံသာစေတီ သမိုင်း /
_cလယ်တီအသျှင်ပဏ္ဍိတ။
260 _aရန်ကုန် ၊
_bအမျိုးသားစာပုံနှိပ်တိုက်၊
_c၁၉၆၃။
300 _aဇ၊ ၇၀ စာမျက်နှာ ၊
_c၁၇ စင်တီ။
500 _aS-SAT: Sai Aung Tun
650 _aစေတီပုထိုး
_912797
650 _aဘုရားသမိုင်း
942 _cBK1
_2ddc
999 _c16631
_d16631